| 000 | 00798cam a22001935a 4500 | ||
|---|---|---|---|
| 001 | L137859 | ||
| 008 | 070502s2007 xxk f 000 0 eng d | ||
| 035 | _a(Sirsi) u137859 | ||
| 041 | 0 | _aeng | |
| 100 | 1 | _aNemeth, Hannah | |
| 245 | 0 | 0 | _aIt's the way you sell it |
| 260 | _c2007 | ||
| 490 | 0 |
_aRICS Business _vApril 2007, 36-38(3) |
|
| 520 | _aDiscusses the challenges faced by retail outlets in traditional town centres from supermarkets. Reports that out of town supermarket developments are contributing to the demise of the high street, along with higher rents, rising interest rates, parking restrictions and changing consumer demand. | ||
| 590 | _aKA | ||
| 651 | 4 |
_aUnited Kingdom _y |
|
| 690 | _aPROPERTY-COMMERCIAL PROPERTY-RETAIL PROPERTY-TOWN CENTRE RETAIL PROPERTY | ||
| 942 | _n0 | ||
| 999 |
_c106911 _d106911 |
||